|
|
|
|
| LEADER |
00964nam a2200277 a 4500 |
| 001 |
AAL5574 |
| 003 |
BD-DhAAL |
| 005 |
20160209200104.0 |
| 008 |
150208s1993 maua 000 0 eng |
| 010 |
|
|
|a 92073651
|
| 020 |
|
|
|a 0669279145
|
| 040 |
|
|
|a DLC
|c DLC
|d BD-DhAAL
|
| 050 |
0 |
0 |
|a PE1449
|b .N49 1993
|
| 082 |
0 |
0 |
|a 428.1
|2 20
|
| 999 |
|
|
|c 33605
|d 33605
|
| 999 |
|
|
|c 33605
|
| 100 |
1 |
|
|a Nist-Olejnik, Sherrie,
|d 1946-
|9 8047
|
| 245 |
1 |
0 |
|a Developing vocabulary concepts for college thinking /
|c Sherrie L. Nist, Michele L. Simpson.
|
| 260 |
|
|
|a Lexington, Mass. :
|b D.C. Heath and Co.,
|c c1993.
|
| 300 |
|
|
|a xi, 388 p. :
|b ill. ;
|c 23 cm.
|
| 541 |
|
|
|e 658
|
| 650 |
|
0 |
|a Vocabulary.
|9 8048
|
| 650 |
|
0 |
|a Reading (Higher education)
|9 8049
|
| 700 |
1 |
|
|a Simpson, Michele L.
|9 8050
|
| 942 |
|
|
|2 ddc
|c BK
|
| 952 |
|
|
|0 0
|1 0
|2 ddc
|4 0
|6 428_100000000000000_NIS
|7 0
|9 52491
|a SCL
|b SCL
|c GEN
|d 2015-02-08
|e Gift: The Asia Foundation
|l 0
|o 428.1 NIS
|p 3020005574
|r 2015-02-08
|t 1
|w 2015-02-08
|y BK
|